header

Milton H. Erickson (Record no. 93169)

MARC details
000 -LEADER
fixed length control field 01444nam a2200385Ia 4500
082 04 - DEWEY DECIMAL CLASSIFICATION NUMBER
Classification number 616.89/162
100 1# - MAIN ENTRY--AUTHOR NAME
Personal name Zeig, Jeffrey K.,
245 10 - TITLE STATEMENT
Title Milton H. Erickson
260 ## - PUBLICATION, DISTRIBUTION, ETC. (IMPRINT)
Place of publication London ;
-- Thousand Oaks, Calif :
Name of publisher Sage Publications,
Year of publication 1999.
300 ## - PHYSICAL DESCRIPTION
Number of Pages 147 p.
490 1# - SERIES STATEMENT
Series statement Key figures in counselling and psychotherapy
650 #0 - SUBJECT ADDED ENTRY--TOPICAL TERM
Topical Term Hypnotism
Topical Term Psychotherapy.
700 1# - ADDED ENTRY--PERSONAL NAME
Personal name Munion, W. Michael.
856 40 - ELECTRONIC LOCATION AND ACCESS
Uniform Resource Identifier http://site.ebrary.com/lib/rucke/Doc?id=10567041

No items available.

© 2026 Rongo University
Contact us: librarian | system librarian | Rongo university